Estatísticas para Cultura Geral

Clique aqui para jogar o quiz

Estatísticas Gerais

  • Esse quiz foi jogado 29 vezes
  • A pontuação média é 5 de 15

Estatísticas das Respostas

HintResposta% Correto
Qual país ganhou mais Copas do Mundo de futebol masculino?Brasil
100%
Em que país podemos encontrar a sede da empresa Renault?França
76%
Que país faz fronteira com San Marino?Itália
76%
Que numeral romano é igual a 2159?MMCLIX
64%
Qual país da América do Sul ganhou mais grandes concursos de beleza internacionais do que qualquer outro país além dos EUA?Venezuela
60%
Como chamamos o mineral Berilo quando está verde?Esmeralda
32%
Que país africano teve um surto de pirataria no início do século 21?Somália
32%
Em que país você encontraria a cidade de Haarlem?Países Baixos
28%
Que tipo de animal tem cabeça, tórax e abdómen?Inseto
20%
Qual grande cidade japonesa foi poupada dos danos dos bombardeios durante a Segunda Guerra Mundial por causa de seu valor cultural?Quioto
16%
Qual é a tradução portuguesa da palavra alemã "Wurst"?Salsicha
16%
O hino nacional não oficial de qual país é "Waltzing Matilda"?Austrália
8%
Quem canta a música ''Bleeding Love"?Leona Lewis
8%
Entre todas as cidades do mundo com população metropolitana acima de 1 milhão de pessoas, qual é a última em ordem alfabética?Zurique
4%
Que programa venceu a cantora Leona Lewis?The X Factor
0%

Distribuição das Pontuações

Percentil de Números Respondidos

Porcentagem de Pessoas com Cada Pontuação

Sua Pontuação Histórica

Você não jogou esse quiz